[Event "Oberliga Ost-C 9596"]
[Site "Germany"]
[Date "1996.??.??"]
[Round "?"]
[White "Stadtmueller, Harald"]
[Black "Petri, Bernd"]
[Result "1/2-1/2"]
[WhiteElo "2220"]
[BlackElo "2135"]
[PlyCount "105"]
[EventDate "1995.10.??"]
[EventType "team"]
[EventRounds "9"]
[EventCountry "GER"]
[SourceTitle "EXT 1998"]
[Source "ChessBase"]
[SourceDate "1997.11.17"]
[SourceVersion "1"]
[SourceVersionDate "1997.11.17"]
[SourceQuality "1"]

1. d4 Nf6 2. Nf3 g6 3. Bf4 Bg7 4. e3 d6 5. h3 0-0 6. Be2 c5 7. 0-0 Nc6 8. c3 Bf5 9. Nbd2 cxd4 10. exd4 Nd5 11. Bg3 e5 12. Nc4 Nb6 13. Bh4 Qc7 14. Ne3 e4 15. Nd2 Rae8 16. Bg3 Bh6 17. Ndc4 Nxc4 18. Nxc4 Rd8 19. Qa4 Rd7 20. Qa3 Rfd8 21. Bh4 g5 22. Bg3 Bg6 23. Ne3 Rf8 24. Nd5 Qd8 25. f4 f5 26. b4 a6 27. b5 axb5 28. Bxb5 Bf7 29. Ne3 gxf4 30. Bxf4 Bxf4 31. Rxf4 Bg6 32. Raf1 Qg5 33. Qb3+ Kg7 34. Qd5 Ne7 35. Qe6 Rc7 36. c4 Qg3 37. Nd5 Nxd5 38. Qxd5 Rd8 39. c5 e3 40. R4f3 Qg5 41. cxd6 Rc2 42. Qe5+ Kg8 43. Rg3 Qh4 44. d7 e2 45. Bxe2 Rxe2 46. Rxg6+ hxg6 47. Qxe2 Qxd4+ 48. Kh1 Qxd7 49. Re1 Ra8 50. Qc4+ Qf7 51. Qc5 Re8 52. Rb1 Qxa2 53. Rxb7 1/2-1/2

[Event "Oberliga Ost-C 9596"]
[Site "Germany"]
[Date "1996.??.??"]
[Round "?"]
[White "Stadtmueller, Harald"]
[Black "Timpel, Klaus"]
[Result "1-0"]
[WhiteElo "2220"]
[BlackElo "2305"]
[PlyCount "77"]
[EventDate "1995.10.??"]
[EventType "team"]
[EventRounds "9"]
[EventCountry "GER"]
[SourceTitle "EXT 1998"]
[Source "ChessBase"]
[SourceDate "1997.11.17"]
[SourceVersion "1"]
[SourceVersionDate "1997.11.17"]
[SourceQuality "1"]

1. d4 g6 2. Nf3 Nf6 3. Bf4 Bg7 4. e3 0-0 5. h3 d6 6. Be2 c5 7. 0-0 Qb6 8. Nbd2 Be6 9. Ng5 Bd7 10. a4 cxd4 11. Nc4 Qc7 12. exd4 h6 13. Nf3 Be6 14. Ne3 Nd5 15. Nxd5 Bxd5 16. Qd2 Kh7 17. c4 Be4 18. c5 Nc6 19. Rac1 Qd7 20. d5 Bxf3 21. Bxf3 Nd4 22. Bg4 f5 23. Bd1 dxc5 24. Rxc5 Rfc8 25. Bxh6 Bf6 26. Rxc8 Rxc8 27. Bg5 Qxd5 28. Qe3 Bxg5 29. Qxg5 Re8 30. h4 Ne6 31. Qg3 Nd4 32. h5 Qf7 33. hxg6+ Qxg6 34. Qh4+ Kg8 35. Qxd4 e5 36. Bb3+ Kf8 37. Qc5+ Re7 38. Rd1 f4 39. Rd8+ 1-0